Catálogo

Agroecological transitions : (Registro nro. 31998)

Detalles MARC
000 -LEADER
fixed length control field 01258nam a2200349 i 4500
001 - CONTROL NUMBER
control field 31998
003 - CONTROL NUMBER IDENTIFIER
control field Mx-PuUPA
005 - DATE AND TIME OF LATEST TRANSACTION
control field 20250522124833.0
008 - FIXED-LENGTH DATA ELEMENTS--GENERAL INFORMATION
fixed length control field 140415s2005 sz a fr 001 0 eng d
020 ## - INTERNATIONAL STANDARD BOOK NUMBER
International Standard Book Number 9783030019525
040 ## - CATALOGING SOURCE
Transcribing agency Mx-PuUPA
Original cataloging agency Mx-PuUPA
Language of cataloging spa
Modifying agency Mx-PuUPA
Description conventions rda
041 0# - LANGUAGE CODE
Language code of text/sound track or separate title eng
245 00 - TITLE STATEMENT
Title Agroecological transitions :
Remainder of title from Theory to Practice in Local Participatory Desing /
Statement of responsibility, etc. Jacques-Eric Bergez, Elise Audouin, Olivier Therond, editors
264 #1 - PRODUCTION, PUBLICATION, DISTRIBUTION, MANUFACTURE, AND COPYRIGHT NOTICE
Place of production, publication, distribution, manufacture Cham, Switzerland :
Name of producer, publisher, distributor, manufacturer Springer,
Date of production, publication, distribution, manufacture, or copyright notice ©2019
300 ## - PHYSICAL DESCRIPTION
Extent 335 páginas ;
Other physical details ilustraciones :
Dimensions 25 cm
336 ## - CONTENT TYPE
Fuente rdacontent
Content type term texto
Content type code txt
337 ## - MEDIA TYPE
Source rdamedia
Media type term sin medio
Media type code n
338 ## - CARRIER TYPE
Source rdacarrier
Carrier type term volumen
Carrier type code nc
650 #7 - SUBJECT ADDED ENTRY--TOPICAL TERM
Source of heading or term armarc
Topical term or geographic name entry element Agricultura
650 #7 - SUBJECT ADDED ENTRY--TOPICAL TERM
Source of heading or term armarc
Topical term or geographic name entry element Educación ambiental
General subdivision Legislación
650 #7 - SUBJECT ADDED ENTRY--TOPICAL TERM
Source of heading or term armarc
Topical term or geographic name entry element Derecho ambiental
650 #7 - SUBJECT ADDED ENTRY--TOPICAL TERM
Source of heading or term armarc
Topical term or geographic name entry element Política ambiental
650 #7 - SUBJECT ADDED ENTRY--TOPICAL TERM
Source of heading or term armarc
Topical term or geographic name entry element Conservación de suelos
650 #7 - SUBJECT ADDED ENTRY--TOPICAL TERM
Source of heading or term armarc
Topical term or geographic name entry element Edafología
700 1# - ADDED ENTRY--PERSONAL NAME
Personal name Bergez, Jacquez-Eric,
Relator term editor
700 1# - ADDED ENTRY--PERSONAL NAME
Personal name Audouin, Elise,
Relator term editor
700 1# - ADDED ENTRY--PERSONAL NAME
Personal name Therond, Olivier,
Relator term editor
942 ## - ADDED ENTRY ELEMENTS (KOHA)
Source of classification or shelving scheme Dewey Decimal Classification
Koha item type Libro
Classification part 630
Item part A27
Existencias
Withdrawn status Lost status Source of classification or shelving scheme Damaged status Not for loan Collection code Home library Current library Shelving location Date acquired Source of acquisition Cost, normal purchase price Total Checkouts Full call number Barcode Date last seen Cost, replacement price Price effective from Koha item type
    Dewey Decimal Classification     General Biblioteca Karol Wojtyla Biblioteca Karol Wojtyla Sala general 13/05/2025 2 1439.64   630 A27 2019 106046 05/01/2026 1439.64 13/05/2025 Libro